000 00428nam a2200157 i 4500
001 97040
003 ES-MaACL
005 20230906182028.0
007 t|
008 050705s1966 sp ||||1| cat d
100 1 _aMantua, Cecilia A.
_976174
245 1 0 _aHistoria d'un mirall /
_coriginal de Cecilia A. Mantua.
260 _aBarcelona :
_bMillá,
_c1966.
300 _a62 p. ;
_c18 cm.
852 _aES-MaACL
_jC-30552
_bR.59840
999 _c97040
_d97040